| 000 | 01012 a2200253 4500 | ||
|---|---|---|---|
| 001 | 1955 | ||
| 005 | 20260407155422.0 | ||
| 008 | 260407a2010 arg spa d | ||
| 003 | AR-UNSa-BCEJYS | ||
| 040 |
_aAR-UNSa-BCEJYS _bspa _cAR-UNSa-BCEJYS |
||
| 080 |
_a17 _xFilosofía moral. Ética. Filosofía práctica |
||
| 245 | 1 | 0 |
_aPrimero la gente _puna mirada desde la ética del desarrollo a los principales problemas del mundo globalizado |
| 020 | _a978-950-9445-63-5 | ||
| 250 | _a8a. ed. | ||
| 264 | 1 |
_aBuenos Aires : _bTemas Grupo Editorial _c2010 |
|
| 300 |
_a348 p. _c22 cm. |
||
| 505 | _a1. Temas claves del siglo XXI - 2. Los desafíos éticos abiertos en un continente paradojal - 3. Las religiones y la deuda social de nuestro tiempo | ||
| 041 | _aspa | ||
| 942 | _cBK | ||
| 590 | _aniveau_biblio:m niveau_hierar:0 | ||
| 100 | 1 | _aSen, Amartya | |
| 700 | 1 | _aKliksberg, Bernardo | |
| 856 | 4 | 1 |
_uhttps://biblioeco.unsa.edu.ar/pmb/images/libros/Primero la gente-l118272.jpg _yImagen de portada _qimage/jpeg |
| 999 |
_c236 _d236 |
||